| 000 | 00446ntaaa2200181 4500 | ||
|---|---|---|---|
| 003 | 01 | ||
| 005 | 20251027202948.0 | ||
| 008 | 0714s1973 ag 01 | ||
| 040 |
_aAR-BaBN _bspa _cAR-BaBN _eaacr _dRIC |
||
| 082 | _a947.0000 C85 | ||
| 100 |
_aCrankshaw, Edward _930438 |
||
| 245 | _aLa nueva guerra fría | ||
| 250 | _a1 ed. | ||
| 260 |
_aBuenos Aires : _bPoligráfica Argentina, _cc1963 |
||
| 300 | _a158 p | ||
| 650 |
_aRusia _96755 |
||
| 942 | _cBK | ||
| 999 |
_c24948 _d24948 |
||